00454nam a22001577a 450000500170000000800410001702000180005804000130007608200180008910000190010724500760012625000120020226000390021430000110025365000320026420250624120314.0250624b |||||||| |||| 00| 0 eng d a9780803661158 cPK-LaUMT a615.82bFET-E aFetters, Linda aEvidence based physical therapy /cby Linda Fetters and Julie K. Tilson a2nd ed. aPhiladelphia :bF. A. Davis,c2019 a224 p. aPhysical therapy modalities